[Event "Warsaw Cup"]
[Site "Warsaw"]
[Date "1999.??.??"]
[Round "?"]
[White "Wiszniowski, Eugeniusz"]
[Black "Wronicz, Stefan"]
[Result "0-1"]
[WhiteElo "1820"]
[BlackElo "1980"]
[PlyCount "64"]
[EventDate "1999.??.??"]
[EventType "swiss"]
[EventRounds "4"]
[EventCountry "POL"]
[SourceTitle "EXT 2004"]
[Source "ChessBase"]
[SourceDate "2003.11.25"]
[SourceVersion "1"]
[SourceVersionDate "2003.11.25"]
[SourceQuality "1"]

1. Nf3 Nc6 2. g3 g6 3. Bg2 Bg7 4. d3 d5 5. c3 Nf6 6. Nbd2 0-0 7. 0-0 e5 8. e4 dxe4 9. dxe4 b6 10. Re1 Bb7 11. Qc2 Qd7 12. Nc4 Rfe8 13. Bg5 Qe6 14. Ne3 Rad8 15. Nd5 Rd7 16. Rad1 Nxd5 17. exd5 Rxd5 18. Rxd5 Qxd5 19. Nh4 Qxa2 20. Qd2 Qe6 21. Bd5 Qd6 22. Rd1 Na5 23. b4 Qxd5 24. Qxd5 Bxd5 25. Rxd5 Nc6 26. Rd7 f6 27. Be3 Re7 28. Rxe7 Nxe7 29. c4 a5 30. c5 axb4 31. cxb6 cxb6 32. Bxb6 b3 0-1

[Event "Warsaw-ch"]
[Site "Warsaw"]
[Date "1997.??.??"]
[Round "1"]
[White "Berezin, Oleg"]
[Black "Wronicz, Stefan"]
[Result "1-0"]
[WhiteElo "2445"]
[BlackElo "2150"]
[PlyCount "75"]
[EventDate "1997.??.??"]
[EventType "swiss"]
[EventRounds "9"]
[EventCountry "POL"]
[SourceTitle "EXT 2000"]
[Source "ChessBase"]
[SourceDate "1999.11.16"]
[SourceVersion "1"]
[SourceVersionDate "1999.11.16"]
[SourceQuality "1"]

1. d4 d5 2. c4 Nf6 3. cxd5 Nxd5 4. e4 Nf6 5. Nc3 e6 6. Nf3 Be7 7. Bc4 0-0 8. 0-0 b6 9. e5 Nd5 10. Ne4 Bb7 11. Re1 Nd7 12. Bg5 Bxg5 13. Nfxg5 h6 14. Nf3 Qe7 15. a3 c5 16. Nd6 Bc6 17. dxc5 Nxc5 18. Nd4 Qc7 19. Nxc6 Qxc6 20. b4 Nb7 21. Bb5 Qc7 22. Rc1 Qe7 23. Nxb7 Qxb7 24. Bc6 Qa6 25. Bxa8 Rxa8 26. Qf3 Qa4 27. Re4 a5 28. Rec4 axb4 29. axb4 Rd8 30. h4 g6 31. h5 g5 32. g3 Kg7 33. Rd4 Rf8 34. Rxd5 exd5 35. Qf6+ Kh7 36. e6 Qe8 37. Rc7 Kg8 38. e7 1-0

[Event "Warsaw-ch"]
[Site "Warsaw"]
[Date "1997.??.??"]
[Round "4"]
[White "Szewczyk, Mariusz"]
[Black "Wronicz, Stefan"]
[Result "0-1"]
[WhiteElo "2015"]
[BlackElo "2150"]
[PlyCount "96"]
[EventDate "1997.??.??"]
[EventType "swiss"]
[EventRounds "9"]
[EventCountry "POL"]
[SourceTitle "EXT 2000"]
[Source "ChessBase"]
[SourceDate "1999.11.16"]
[SourceVersion "1"]
[SourceVersionDate "1999.11.16"]
[SourceQuality "1"]

1. e4 e5 2. Nf3 Nc6 3. Bb5 a6 4. Ba4 Nf6 5. 0-0 b5 6. Bb3 Bb7 7. Re1 Bc5 8. c3 Ng4 9. d4 exd4 10. cxd4 Nxd4 11. Be3 Nxe3 12. fxe3 Nxb3 13. Qxb3 0-0 14. Nc3 Qe7 15. Nd5 Qxe4 16. Rad1 Rac8 17. Kh1 Rfe8 18. Ng5 Qg6 19. Nf3 d6 20. Qc3 Qe4 21. b4 Bxd5 22. bxc5 dxc5 23. Qxc5 Bxa2 24. Ra1 Bd5 25. Rxa6 c6 26. h3 h6 27. Ra7 Re6 28. Kh2 Rg6 29. Rf1 Qc4 30. Qxc4 Bxc4 31. Re1 Re8 32. Kg1 Bd5 33. Kf2 b4 34. Rb7 c5 35. Rb5 Rc6 36. Rc1 Rec8 37. Ne5 R6c7 38. g3 Ba2 39. Nd3 b3 40. Rc3 c4 41. Nb2 Bb1 42. Rb4 Bc2 43. Kf3 Rc5 44. g4 R8c6 45. Ke2 Kh7 46. Kf3 Kg6 47. Rbxc4 Rxc4 48. Nxc4 Rxc4 0-1

[Event "Warsaw-ch"]
[Site "Warsaw"]
[Date "1997.??.??"]
[Round "7"]
[White "Wronicz, Stefan"]
[Black "Kowalska, Elzbieta"]
[Result "1/2-1/2"]
[WhiteElo "2150"]
[BlackElo "2015"]
[PlyCount "56"]
[EventDate "1997.??.??"]
[EventType "swiss"]
[EventRounds "9"]
[EventCountry "POL"]
[SourceTitle "EXT 2000"]
[Source "ChessBase"]
[SourceDate "1999.11.16"]
[SourceVersion "1"]
[SourceVersionDate "1999.11.16"]
[SourceQuality "1"]

1. e4 c5 2. Nc3 Nc6 3. g3 g6 4. Bg2 Bg7 5. d3 e6 6. Be3 d6 7. Qd2 Rb8 8. Nge2 Nd4 9. 0-0 b5 10. Rab1 b4 11. Nd1 Nxe2+ 12. Qxe2 Ne7 13. Qd2 0-0 14. Bh6 e5 15. Bxg7 Kxg7 16. Ne3 f5 17. exf5 Nxf5 18. Nxf5+ Bxf5 19. f4 exf4 20. Rxf4 Be6 21. Rxf8 Qxf8 22. Rf1 Qe7 23. Qe3 Qd7 24. Qf4 Re8 25. Qf6+ Kg8 26. a3 bxa3 27. bxa3 Qg7 28. Qxg7+ Kxg7 1/2-1/2

[Event "Warsaw-ch"]
[Site "Warsaw"]
[Date "1997.??.??"]
[Round "3"]
[White "Wronicz, Stefan"]
[Black "Krysztofiak, Marcin"]
[Result "1-0"]
[WhiteElo "2150"]
[BlackElo "2140"]
[PlyCount "87"]
[EventDate "1997.??.??"]
[EventType "swiss"]
[EventRounds "9"]
[EventCountry "POL"]
[SourceTitle "EXT 2000"]
[Source "ChessBase"]
[SourceDate "1999.11.16"]
[SourceVersion "1"]
[SourceVersionDate "1999.11.16"]
[SourceQuality "1"]

1. e4 e5 2. Nf3 d6 3. d4 exd4 4. Nxd4 Nf6 5. Nc3 Be7 6. Bd3 0-0 7. 0-0 Nc6 8. Nxc6 bxc6 9. Bg5 h6 10. Bh4 Rb8 11. Rb1 Nd7 12. Bxe7 Qxe7 13. f4 Qf6 14. Qf3 Nc5 15. Qf2 a5 16. e5 Qe7 17. Rfe1 Nxd3 18. cxd3 d5 19. a3 Bf5 20. Rbd1 Rb3 21. d4 Rxc3 22. bxc3 Qxa3 23. Qd2 Qb3 24. Re3 Rb8 25. Ra1 Rb5 26. Qa2 Qxa2 27. Rxa2 c5 28. Re1 cxd4 29. cxd4 Rb4 30. Rd1 a4 31. Rdd2 Rc4 32. h3 h5 33. Kf2 h4 34. Ra3 g6 35. g4 Bd7 36. Ke3 Bb5 37. f5 Rc1 38. Kf4 gxf5 39. Kxf5 c6 40. Kg5 Kg7 41. Kxh4 Kg6 42. Rf2 Rc4 43. Raf3 Rxd4 44. Rxf7 1-0